000
00306nam a2200121Ia 4500
008
190216s9999||||xx |||||||||||||| ||und||
100
_a
Eettumanoor Sivakumar
245
0
_a
Ampalakala
260
_b
Sahithya Pravarthaka Sahakarana Sangam
_c
1979
300
_a
208p
650
_a
Malayalam Novel
942
_c
BK
999
_c
25987
_d
25987